<?xml version="1.0" encoding="UTF-8"?>
<record
    xmlns:xsi="http://www.w3.org/2001/XMLSchema-instance"
    xsi:schemaLocation="http://www.loc.gov/MARC21/slim http://www.loc.gov/standards/marcxml/schema/MARC21slim.xsd"
    xmlns="http://www.loc.gov/MARC21/slim">

  <leader>01546nam a2200289Ia 4500</leader>
  <controlfield tag="003">OSt</controlfield>
  <controlfield tag="005">20210208134006.0</controlfield>
  <controlfield tag="008">191128s2007    ck a   g      000 0 spa d</controlfield>
  <datafield tag="020" ind1=" " ind2=" ">
    <subfield code="a">9789584438652</subfield>
  </datafield>
  <datafield tag="040" ind1=" " ind2=" ">
    <subfield code="a">CO-JMCR</subfield>
    <subfield code="c">CO-JMCR</subfield>
  </datafield>
  <datafield tag="041" ind1="0" ind2=" ">
    <subfield code="a">spa</subfield>
  </datafield>
  <datafield tag="082" ind1="0" ind2="4">
    <subfield code="a">662.1 /</subfield>
    <subfield code="b">B412d</subfield>
    <subfield code="2">23</subfield>
  </datafield>
  <datafield tag="100" ind1="1" ind2=" ">
    <subfield code="a">Bedoya Sanmiguel, Geovany, </subfield>
    <subfield code="e">autor</subfield>
    <subfield code="9">13125</subfield>
  </datafield>
  <datafield tag="245" ind1="1" ind2="0">
    <subfield code="a">Diagn&#xF3;stico y soluciones para la industria informal polvorera del Valle de Aburr&#xE1; : </subfield>
    <subfield code="b">conceptos t&#xE9;cnicos y manejo seguro de sustancias qu&#xED;micas /</subfield>
    <subfield code="c">Geovany Bedoya Sanmiguel, Sandra Marcela Porras Arboleda, Mar&#xED;a Isabel Toro Aristizabal, [y 6 m&#xE1;s]</subfield>
  </datafield>
  <datafield tag="250" ind1=" " ind2=" ">
    <subfield code="a">Primera edici&#xF3;n</subfield>
  </datafield>
  <datafield tag="260" ind1=" " ind2=" ">
    <subfield code="a">Medell&#xED;n : </subfield>
    <subfield code="b">Universidad EAFIT, </subfield>
    <subfield code="c">2007</subfield>
  </datafield>
  <datafield tag="300" ind1=" " ind2=" ">
    <subfield code="a">129 p&#xE1;ginas : </subfield>
    <subfield code="b">ilustraciones a color ; </subfield>
    <subfield code="c">24 cm.</subfield>
  </datafield>
  <datafield tag="490" ind1="0" ind2=" ">
    <subfield code="a">Conocimientos metropolitanos ; </subfield>
    <subfield code="v">no. 20</subfield>
  </datafield>
  <datafield tag="504" ind1=" " ind2=" ">
    <subfield code="a">Bibliograf&#xED;a: p&#xE1;gina 129</subfield>
  </datafield>
  <datafield tag="505" ind1="0" ind2=" ">
    <subfield code="a">Normas legales vigentes que se aplican a la fabricaci&#xF3;n, expendido y uso de la p&#xF3;lvora -- Manipulaci&#xF3;n de sustancias qu&#xED;micas -- Normas de seguridad e higiene ocupacional para el uso y manejo de sustancias qu&#xED;micas -- Clasificaci&#xF3;n de los materiales peligrosos</subfield>
  </datafield>
  <datafield tag="650" ind1="1" ind2="4">
    <subfield code="a">P&#xF3;lvora</subfield>
    <subfield code="x">producci&#xF3;n</subfield>
    <subfield code="z">Valle de Aburr&#xE1; (Antioquia, Colombia)  </subfield>
    <subfield code="9">13126</subfield>
  </datafield>
  <datafield tag="650" ind1="1" ind2="4">
    <subfield code="a">Industria de la p&#xF3;lvora</subfield>
    <subfield code="z">Valle de Aburr&#xE1; (Antioquia, Colombia)   </subfield>
    <subfield code="9">13127</subfield>
  </datafield>
  <datafield tag="650" ind1="1" ind2="4">
    <subfield code="a">Econom&#xED;a informal</subfield>
    <subfield code="z">Valle de Aburr&#xE1; (Antioquia, Colombia)</subfield>
    <subfield code="9">13128</subfield>
  </datafield>
  <datafield tag="700" ind1="1" ind2=" ">
    <subfield code="a">Porras Arboleda, Sandra Marcela, </subfield>
    <subfield code="e">autora</subfield>
    <subfield code="9">13129</subfield>
  </datafield>
  <datafield tag="700" ind1="1" ind2=" ">
    <subfield code="a">Toro Aristizabal, Mar&#xED;a Isabel, </subfield>
    <subfield code="e">autora</subfield>
    <subfield code="9">13130</subfield>
  </datafield>
  <datafield tag="942" ind1=" " ind2=" ">
    <subfield code="2">ddc</subfield>
    <subfield code="c">BK</subfield>
  </datafield>
  <datafield tag="999" ind1=" " ind2=" ">
    <subfield code="c">6205</subfield>
    <subfield code="d">6205</subfield>
  </datafield>
  <datafield tag="952" ind1=" " ind2=" ">
    <subfield code="0">0</subfield>
    <subfield code="1">0</subfield>
    <subfield code="2">ddc</subfield>
    <subfield code="4">0</subfield>
    <subfield code="7">0</subfield>
    <subfield code="8">NFIC</subfield>
    <subfield code="a">CPL</subfield>
    <subfield code="b">CPL</subfield>
    <subfield code="d">2018-04-15</subfield>
    <subfield code="e">Donaci&#xF3;n</subfield>
    <subfield code="o">662.1 / B412d</subfield>
    <subfield code="p">430012185</subfield>
    <subfield code="r">2024-05-16 00:00:00</subfield>
    <subfield code="t">Ej.1</subfield>
    <subfield code="y">BK</subfield>
  </datafield>
</record>
